000 00912nam a2200241 u 4500
001 000002184
005 20200929150154.0
008 090701s2007 dr r 000 0 spa d
020 _a8495193264
040 _aDO-SdBNP
_bspa
_cBNPHU
082 _a511.32
_bS237o, 2007
100 1 _aSantos, Félix
_96962
245 1 0 _aOperaciones fundamentales en los conjuntos numéricos /
_cFélix Santos.
250 _a2a ed.
260 _aSantiago de los Caballeros, República Domonicana :
_bUniversidad Abierta para Adultos, UAPA.,
_c2007.
300 _a147 p. ;
_c23 cm.
500 _aEn la portada: Curso propedéutico de matemáticas para el autoaprendizaje.
504 _aBibliografía : p. 147
590 _aInventariado, 2018/BT
650 4 _aTeoría de los conjuntos
_xEnseñanza
_96963
650 4 _aTeoría de los conjuntos
_xProblemas, ejercicios, etc.
_96964
910 _aValidado. Control de calidad MMOLINA
999 _c2032
_d2032